000 00984cam4a220027700 4500
001 lce00639212
008 700901s1968 cauab b 000 0 eng
010 _a 68014228
035 _a(Sirsi) r52904
035 _a(DLC) 68014228
035 _a(UPRA)lce00639212
050 0 _aQE26
_b.G5 1968
082 _a550
100 1 _aGilluly, James, 1896-
_dGilluly, James, 1896-
_6A11538.1
245 1 0 _aPrinciples of geology
_c[by] James Gilluly, Aaron C. Waters [and] A. O. Woodford.
250 _a3d ed.
260 _aSan Francisco,
_bW. H. Freeman
_c[1968]
490 0 _aA Series of books in geology
_6S21870.2
504 _aIncludes bibliographies.
650 0 _aGeology.
_6S1892.1
949 _aQE26
_wlcc
_i33729000287115
_mMAIN
_p2500
_tBOOK
_lON-SHELF
949 _aQE26
_wlcc
_i33729000287909
_mMAIN
_p2500
_tBOOK
_lON-SHELF
949 _aQE26
_wlcc
_i33729000292610
_mMAIN
_p2500
_tBOOK
_lON-SHELF
949 _aQE26
_wlcc
_i33729000292677
_mMAIN
_p2500
_tBOOK
_lON-SHELF
004 52904
999 _c136409
_d136409